| 000 | 00813cam9a220026500 4500 | ||
|---|---|---|---|
| 001 | lce00786291 | ||
| 005 | 20190823093028.0 | ||
| 008 | 700504s1969 enka 001 0 eng | ||
| 010 | _a 72091436 //r892 | ||
| 015 | _aB*** | ||
| 020 | _a0471534196 | ||
| 035 | _a(Sirsi) r11949 | ||
| 035 | _a(DLC) 72091436 //r892 | ||
| 035 | _a(UPRA)lce00786291 | ||
| 040 |
_aDLC _cDLC _dDLC _dICU |
||
| 050 | 0 | 0 |
_aQA154 _b.L53 |
| 082 | 0 | 0 | _a512/.024/5 |
| 100 | 1 |
_aLiebeck, H. (Hans) _qLiebeck, H. (Hans) _6A66314.1 |
|
| 245 | 1 | 0 | _aAlgebra for scientists & engineers. |
| 260 |
_aLondon, New York, _aLondon, New York, _bWiley _c[c1969] |
||
| 440 | 0 |
_aIntroductory mathematics for scientists and engineers _6S1970.1 |
|
| 650 | 0 |
_aAlgebra. _6S541.1 |
|
| 949 |
_aQA154 _wlcc _i-4698 _mMAIN _tBOOK _lON-SHELF |
||
| 004 | 11949 | ||
| 999 |
_c145462 _d145460 |
||